01285nam a2200253 a 450000100100000000500170001000800410002704000250006808200150009310000350010824501870014326000890033030000270041949000310044650000420047750400300051970000380054983000400058704900090062795201220063695201280075895201280088699900170101400002927120200930055435.0110414s1981 dr a 000 0 spa d aDO-SdBNPbspacBNPHU axxxbA325i1 aAlbaine Pons, José R.95615910aIntroducción al estudio del régimen alimenticio del pájaro carpintero (Melanerpes striatus V.) en la República Dominicana /cJosé R Albaine Pons; Gilberto Grullón Peña. aSan Pedro de Macorís :bUniversidad Central del Este (UCE),c1981.fEditora Taller a19 p. :bil. ;c21 cm.1 aCuadernos de la UCEvno. 5 aIncluye notas al pie de las páginas aBibliografía : p. 18-191 aGrullón Peña, Gilberto956160 0aCuadernos de la UCE ;vno. 5956161 aBNPD 001054708PDaPDbPDcCTd2011-04-14iLF1l0oxxx A325ip29271-10r2020-06-25w2020-06-25yLFPDZPréstamo en sala 001054728PDaPDbPDcCTd2011-04-14iLF1l0oxxx A325ip29271-20r2020-06-25te. 2w2020-06-25yLFPDZPréstamo en sala 001054708DSaPDbPDcCTd2011-04-15iLF1l0oxxx A325ip29271-30r2020-06-25te. 3w2020-06-25yLFDSZPréstamo en sala c28763d28763